00826nam a2200217 a 4500001001000000003000500010005001700015008004100032010001100073011001100084040000900095100003400104245016900138260004100307500006000348502006500408650002700473650001700500650002100517856007000538000109460CHAP20220329144051.0140502s2013 mx | |sm |||||||spa|d a105922 a106894 cCHAP1 aRojas Martínez, Juan Manuel10aAnálisis de cumplimiento de normas de inocuidad alimentaria en uva de mesa (Vitis vinifera) en Hermosillo, Sonorah[En línea]cpor Juan Manuel Rojas Martínez. aChapingo, Méx. :bEl autor,c2013. aPara ver el contenido del material haga clic en la liga aTesis (M.C. en Estrategia Agroempresarial) -- UACH. CIESTAAM14aInocuidad alimentaria.14aUvaxSonora.14aUvaxVariedades. aFinding aiduhttp://10.13.5.2/tesis/sist109460.pdfzTeclea aquí